000 00669nam a2200181Ia 4500
008 100921s9999 xx 000 0 und d
082 _b6326
_a891.2 थ 91
100 _aठेकेदार गंगाधर विष्णु,टो.ना.केदार.
245 _aमहात्मायनम्र.
260 _bजयदीप प्रकाशन,पुणे.
_c1991
300 _a158
_b---
365 _b60
520 _aललित-स्ंास्कृत.
630 _aमहात्मायनम्र.
650 _aललित-स्ंास्कृत.
730 _aमहात्मायनम्र.
942 _cBOOK
999 _c755439
_d755436